Online
Catalog

Población y pobreza en la República Dominicana / (Record no. 26989)

MARC details
000 -CABECERA
campo de control de longitud fija 01839nam a2200277 a 4500
001 - NÚMERO DE CONTROL
campo de control 000027497
003 - IDENTIFICADOR DEL NÚMERO DE CONTROL
campo de control OSt
005 - FECHA Y HORA DE LA ÚLTIMA TRANSACCIÓN
campo de control 20260305073951.0
008 - DATOS DE LONGITUD FIJA--INFORMACIÓN GENERAL
campo de control de longitud fija 110401s1984 dr 000 0 spa d
040 ## - FUENTE DE LA CATALOGACIÓN
Centro catalogador/agencia de origen DO-SdBNP
Lengua de catalogación spa
Centro/agencia transcriptor BNPHU
082 #4 - NÚMERO DE LA CLASIFICACIÓN DECIMAL DEWEY
Número de clasificación 330.97293
Número de documento/Ítem P739p
Número de edición 22
245 00 - MENCIÓN DE TÍTULO
Título Población y pobreza en la República Dominicana /
Mención de responsabilidad, etc. editor Frank Moya Pons.
260 ## - PUBLICACIÓN, DISTRIBUCIÓN, ETC.
Lugar de publicación, distribución, etc. Santo Domingo :
Nombre del editor, distribuidor, etc. FORUM,
Fecha de publicación, distribución, etc. 1984.
300 ## - DESCRIPCIÓN FÍSICA
Extensión 199p. ;
Dimensiones 22 cm.
490 ## - MENCIÓN DE SERIE
Mención de serie FORUM
Designación de volumen o secuencia 12
500 ## - NOTA GENERAL
Nota general Este libro recoge las exposiciones que fueron presentadas en el Encuentro sobre la Población y la Pobreza en la República Dominicana, celebrado por FORUM en el Hotel Santo Domingo Sheraton, el jueves 12 de diciembre de 1983.
505 0# - NOTA DE CONTENIDO CON FORMATO
Nota de contenido con formato Presentación --
Título Palabras de Eduardo Latorre --
-- Introducción /
Mención de responsabilidad Frank Moya Pons --
Título La economía agraria, la pobreza y la población en la República Dominicana /
Mención de responsabilidad Pablo Rodríguez Núñez --
Título Cambios en los niveles de vida en la República Dominicana /
Mención de responsabilidad Julio Cross Beras --
Título Cambios en los niveles de ingresos y patrones de consumo, según extractos poblacionales de ingresos, 1976 -1977 /
Mención de responsabilidad Gumersindo del Rosario Mota y Patria Stella Madera Daniel --
Título Planificación familiar, crecimiento demográfico y condiciones de vida en la República Dominicana. Planteamiento de una política población y desarrollo /
Mención de responsabilidad Nelson Ramírez.
590 ## - NOTA LOCAL (RLIN)
Nota local Inventariado, 2018/ YL
650 #4 - PUNTO DE ACCESO ADICIONAL DE MATERIA--TÉRMINO DE MATERIA
Término de materia o nombre geográfico como elemento de entrada Pobreza
Subdivisión geográfica República Dominicana
9 (RLIN) 54578
Subdivisión de forma Congresos, conferencias, etc.
651 #4 - PUNTO DE ACCESO ADICIONAL DE MATERIA--NOMBRE GEOGRÁFICO
Nombre geográfico República Dominicana
Subdivisión general Población
-- Condiciones económicas
9 (RLIN) 54579
Subdivisión de forma Congresos, conferencias, etc.
651 #4 - PUNTO DE ACCESO ADICIONAL DE MATERIA--NOMBRE GEOGRÁFICO
Nombre geográfico República Dominicana
Subdivisión general Política de población
9 (RLIN) 54580
Subdivisión de forma Congresos, conferencias, etc.
700 12 - PUNTO DE ACCESO ADICIONAL--NOMBRE DE PERSONA
Nombre de persona Moya Pons, Frank,
Fechas asociadas al nombre 1944-
Término indicativo de función/relación ed.
9 (RLIN) 2095
830 ## - PUNTO DE ACCESO ADICIONAL DE SERIE-TÍTULO UNIFORME
Título uniforme FORUM
Número de parte o sección de la obra 12
9 (RLIN) 54581
910 ## - DATOS DE OPCIÓN DEL USUARIO (OCLC)
Datos de opción del usuario Validado. Control de calidad MFF
942 ## - ELEMENTOS DE PUNTO DE ACCESO ADICIONAL (KOHA)
Fuente del sistema de clasificación o colocación Dewey Decimal Classification
Tipo de ítem Koha Libros y folletos
Holdings
Estado de retiro Estado de pérdida Fuente del sistema de clasificación o colocación Restricciones de uso No para préstamo Código de colección Localización permanente Ubicación/localización actual Ubicación en estantería Fecha de adquisición Total de préstamos Signatura topográfica completa Código de barras Fecha visto por última vez Precio válido a partir de Tipo de ítem Koha Número de copia
    Dewey Decimal Classification Excluido de préstamo Excluido de préstamo Patrimonio Dominicano Biblioteca Nacional Pedro Henríquez Ureña Patrimonio Dominicano Depósito 01.04.2011   BNPHU PD 330.97293 P739p 27497-10 25.06.2020 25.06.2020 Libro y Folleto Colección Patrimonio Dominicano  
  Extraviado Dewey Decimal Classification Excluido de préstamo Préstamo restrigido Patrimonio Dominicano Biblioteca Nacional Pedro Henríquez Ureña Patrimonio Dominicano Extraviado 28.04.2011   BNPHU PD 330.97293 P739p 27497-20 25.06.2020 25.06.2020 Libro y Folleto Colección Patrimonio Dominicano e.2

Powered by Koha